000 00675nam a22002057a 4500
003 OSt
005 20250730070941.0
008 250730b |||||||| |||| 00| 0 eng d
020 _a0415206170
040 _aDWCL-Main lib
_cOC
082 _aCIRC. 201.9 R382 2001
100 _aPace, Diane
245 _aReligion and psychology : mapping the terrain :
_bcontemporary dialogues, future prospects/
_cDiane Pace
260 _aLondon :
_bRoutledge,
_cc2001,
300 _a xii, 340 pages ;
_c22 cm.
650 _a1. Psychology, Religious.
650 _a2. Postmodennism--Psychological aspects.
650 _a3. Psychology and religion.
942 _2ddc
_cBK-CIRC
_kCirc.
_n0
999 _c3908
_d3908